000 00672nam a22001937a 4500
003 CL-SaCFP
008 150612b xxu||||| |||| 00| 0 eng d
020 _a9789562924757
082 _a027.8
_bV427 2014
245 0 0 _a20 años de Bibliotecas Escolares CRA :
_b1994-2014. /
246 3 3 _aVeinte años de Bibliotecas Escolares CRA: 1994-2014
246 3 3 _a20 años Bibliotecas Escolares CRA
260 _aSantiago de Chile :
_bGobierno de Chile, Ministerio de Educación,
_c2014
300 _a193 p
_bfot. col.
490 0 _aBibliotecas Escolares CRA
650 7 _aBibliotecas escolares
_zChile
_95303
710 2 _aChile
_bMinisterio de Educación.
_9946
942 _2ddc
_cMN
999 _c5201
_d5201